[FR] Pokémon 1G - Nommez dans l'ordre du Pokédex - Statistiques

Statistiques générales
  • Ce quiz a été pris 144 fois
  • Le résultat moyen est 86 sur 151
Statistiques - réponses
Pokémon % Correct
#001 Bulbizarre
100%
#008 Carabaffe
100%
#007 Carapuce
100%
#006 Dracaufeu
100%
#003 Florizarre
100%
#002 Herbizarre
100%
#005 Reptincel
100%
#004 Salamèche
100%
#009 Tortank
100%
#010 Chenipan
96%
#011 Chrysacier
96%
#012 Papilusion
96%
#013 Aspicot
94%
#014 Coconfort
94%
#015 Dardargnan
94%
#018 Roucarnage
93%
#016 Roucool
93%
#017 Roucoups
93%
#019 Rattata
92%
#020 Rattatac
92%
#021 Piafabec
89%
#022 Rapasdepic
89%
#025 Pikachu
87%
#026 Raichu
86%
#023 Abo
85%
#024 Arbok
85%
#034 Nidoking
79%
#031 Nidoqueen
79%
#029 Nidoran
79%
#032 Nidoran
79%
#030 Nidorina
79%
#033 Nidorino
79%
#027 Sabelette
79%
#028 Sablaireau
79%
#036 Mélodelfe
75%
#035 Mélofée
75%
#038 Feunard
70%
#037 Goupix
70%
#040 Grodoudou
69%
#039 Rondoudou
69%
#042 Nosféralto
68%
#041 Nosférapti
68%
#043 Mystherbe
65%
#044 Ortide
65%
#045 Rafflésia
65%
#046 Paras
63%
#047 Parasect
63%
#049 Aéromite
62%
#052 Miaouss
62%
#048 Mimitoss
62%
#053 Persian
61%
#050 Taupiqueur
59%
#051 Triopikeur
59%
#060 Ptitard
58%
#062 Tartard
58%
#061 Tétarte
58%
#055 Akwakwak
56%
#059 Arcanin
56%
#070 Boustiflor
56%
#058 Caninos
56%
#069 Chétiflor
56%
#057 Colossinge
56%
#148 Draco
56%
#149 Dracolosse
56%
#071 Empiflor
56%
#056 Férosinge
56%
#151 Mew
56%
#150 Mewtwo
56%
#147 Minidraco
56%
#054 Psykokwak
56%
#063 Abra
55%
#065 Alakazam
55%
#144 Artikodin
55%
#145 Electhor
55%
#064 Kadabra
55%
#066 Machoc
55%
#067 Machopeur
55%
#068 Mackogneur
55%
#146 Sulfura
55%
#083 Canarticho
48%
#078 Galopa
48%
#075 Gravalanch
48%
#076 Grolem
48%
#077 Ponyta
48%
#074 Racaillou
48%
#072 Tentacool
48%
#073 Tentacruel
48%
#085 Dodrio
46%
#084 Doduo
46%
#080 Flagadoss
45%
#087 Lamantine
45%
#081 Magnéti
45%
#082 Magnéton
45%
#086 Otaria
45%
#079 Ramoloss
45%
#094 Ectoplasma
44%
#092 Fantominus
44%
#143 Ronflex
44%
#093 Spectrum
44%
#100 Voltorbe
44%
#091 Crustabri
42%
#101 Electrode
42%
#090 Kokiyas
42%
#095 Onix
42%
#089 Grotadmorv
41%
#097 Hypnomade
41%
#103 Noadkoko
41%
#102 Noeunoeuf
41%
#096 Soporifik
41%
#088 Tadmorv
41%
#099 Krabboss
39%
#098 Krabby
39%
#105 Ossatueur
39%
#104 Osselait
39%
#142 Ptéra
39%
#134 Aquali
38%
#133 Evoli
38%
#108 Excelangue
38%
#140 Kabuto
38%
#141 Kabutops
38%
#130 Léviator
38%
#129 Magicarpe
38%
#136 Pyroli
38%
#135 Voltali
38%
#113 Leveinard
37%
#131 Lokhlass
37%
#111 Rhinocorne
37%
#112 Rhinoféros
37%
#109 Smogo
37%
#110 Smogogo
37%
#128 Tauros
37%
#138 Amonistar
35%
#125 Elektek
35%
#117 Hypocéan
35%
#116 Hypotrempe
35%
#123 Insécateur
35%
#115 Kangourex
35%
#126 Magmar
35%
#132 Métamorph
35%
#118 Poissirène
35%
#119 Poissoroy
35%
#137 Amonita
34%
#106 Kicklee
34%
#124 Lippoutou
34%
#114 Saquedeneu
34%
#127 Scarabrute
34%
#120 Stari
34%
#121 Staross
34%
#107 Tygnon
34%
#122 M. Mime
32%
#139 Porygon
27%
Aucun quiz correspondant
Distribution des résultats
% des personnes avec chaque résultat
Percentile par nombre de réponses
Votre historique - résultats
Vous n’avez pas pris ce quiz